000 01098cam a2200241 4500
001 WB3740-28
008 011025n2001 000 0 eng u
035 _a(Sirsi) u115307
245 _aCurrency change warning
260 _c2001
490 _aFarmers' Weekly
_v135(16) 19 October 2001, 10(1)
520 _aFarmers have been warned it will be their responsibility to protect their incomes against currency flunctuations in the future.The NFU says funds contributed by farmers and government could replace the agrimoney scheme as a way of compensating farmers when exchange rate movements affect subsidy payments. Mr Bennett, deputy president of the NFU has compiled a document, "After Agrimoney - Options for British Farming", which outlines alternative strategies farmers must now consider.
590 _aWB
650 _aAGRIMONEY SCHEME
650 _aNATIONAL FARMERS UNION
650 _aEXCHANGE RATES
650 _aFARM INCOMES
650 _aSUBSIDY PAYMENTS
650 _aCOMPENSATION
650 _aRISK MANAGEMENT
690 _aRURAL-FARM BUSINESS MANAGEMENT
942 _n0
999 _c68671
_d68671